The Mayflower Compact / by Philip Brooks.
Record details
- ISBN: 0756506816
- Physical Description: 48 pages : illustrations (some color), color map ; 24 cm.
- Publisher: Minneapolis, Minn. : Compass Point Books, c2005.
Content descriptions
| Bibliography, etc. Note: | Includes bibliographical references (p. 46-47) and index. |
Search for related items by subject
Search for related items by series
| LDR | 01387cam a2200361 a 4500 | ||
|---|---|---|---|
| 001 | 127662 | ||
| 003 | CONS | ||
| 005 | 20140703073304.0 | ||
| 008 | 031104s2005 mnuab c b 001 0 eng | ||
| 010 | . | ‡a 2003024188 | |
| 020 | . | ‡a0756506816 | |
| 035 | . | ‡a(CPomAG)LMN496181 | |
| 042 | . | ‡alcac | |
| 043 | . | ‡an-us-ma | |
| 050 | 0 | 0. | ‡aF68 ‡b.B867 2005 |
| 082 | 0 | 0. | ‡a974.4/02 ‡222 |
| 100 | 1 | . | ‡aBrooks, Philip, ‡d1963- |
| 245 | 1 | 4. | ‡aThe Mayflower Compact / ‡cby Philip Brooks. |
| 260 | . | ‡aMinneapolis, Minn. : ‡bCompass Point Books, ‡cc2005. | |
| 300 | . | ‡a48 pages : ‡billustrations (some color), color map ; ‡c24 cm. | |
| 440 | 0. | ‡aWe the people (Series) (Compass Point Books) | |
| 504 | . | ‡aIncludes bibliographical references (p. 46-47) and index. | |
| 630 | 0 | 0. | ‡aMayflower Compact ‡d(1620) ‡vJuvenile literature. |
| 610 | 2 | 0. | ‡aMayflower (Ship) ‡vJuvenile literature. |
| 650 | 0. | ‡aPilgrims (New Plymouth Colony) ‡vJuvenile literature. | |
| 651 | 0. | ‡aMassachusetts ‡xHistory ‡yNew Plymouth, 1620-1691 ‡vJuvenile literature. | |
| 630 | 0 | 1. | ‡aMayflower Compact ‡d(1620) |
| 610 | 2 | 1. | ‡aMayflower (Ship) |
| 650 | 1. | ‡aPilgrims (New Plymouth Colony) | |
| 651 | 1. | ‡aMassachusetts ‡xHistory ‡yNew Plymouth, 1620-1691. | |
| 914 | . | ‡aScp_ds ‡dLMN_cm | |
| 959 | . | ‡i32269000724701 ‡lJ974.4 Bro ‡aJuvenile - NonFiction ‡tJuv Nonfiction ‡g15.00 | |
| 852 | . | ‡p32269000724701 ‡jJ974.4 Bro ‡gJuvenile - NonFiction ‡cJuv Nonfiction ‡y15.00 ‡bSBPL | |
| 901 | . | ‡a127662 ‡bUnknown ‡c127662 ‡tbiblio | |